Otázky vzdělávání v kontextu reformy veřejné správy

Konferencia "Vzdelávanie v súčasnej etape reformy verejnej správy" sa konala na Masarykovej univerzite v Brne v dňoch 12.-13.9.2001. Na konferencii sa riešili otázky spojené s reformou verejnej správy, ktorá sa výrazne dotkla výchovno-vzdelávacieho systému. Priebeh konferencie. Závery a odporúčania...

Descrizione completa

Salvato in:
Dettagli Bibliografici
Autore principale: Malach, Antonín
Natura: Capitolo di libro
Lingua:ceco
Soggetti:
Tags: Aggiungi Tag
Nessun Tag, puoi essere il primo ad aggiungerne!!

MARC

LEADER 00000naa a2200000 4500
001 r045304
005 20230919103819.6
041 0 |a cze 
044 |a CZ 
245 1 0 |a Otázky vzdělávání v kontextu reformy veřejné správy  |c Antonín Malach 
520 |a Konferencia "Vzdelávanie v súčasnej etape reformy verejnej správy" sa konala na Masarykovej univerzite v Brne v dňoch 12.-13.9.2001. Na konferencii sa riešili otázky spojené s reformou verejnej správy, ktorá sa výrazne dotkla výchovno-vzdelávacieho systému. Priebeh konferencie. Závery a odporúčania konferencie. 
610 2 0 |a vzdelávanie 
610 2 0 |a konferencie 
610 2 0 |a Česko 
610 2 0 |a Masarykova univerzita Brno 
610 2 0 |a 2001 
610 2 0 |a reformy 
610 2 0 |a správa verejná 
610 2 0 |a sústava výchovno-vzdelávacia 
100 1 |a Malach, Antonín